Bored - Laufey - Statistics

General Stats
  • This quiz has been taken 301 times
  • The average score is 196 of 238
Answer Stats
Lyric % Correct
I
99%
bored
95%
Bored
95%
of
95%
I'm
94%
im
94%
the
94%
you
94%
You
94%
don't
93%
dont
93%
Don't
93%
baby
92%
baby,
92%
in
92%
this
92%
Your
91%
your
91%
And
90%
and
90%
and,
90%
but
90%
But,
90%
love
90%
love,
90%
to
90%
be
89%
for
88%
me
88%
me"
88%
oh
88%
talk
88%
you're
88%
just
87%
listening
87%
keep
86%
maybe
85%
out
85%
talkin'
85%
my
84%
is?
83%
nobody's
83%
door
82%
door,
82%
it
82%
too
82%
way
82%
we
82%
what
82%
Why
82%
Call
81%
interesting
81%
walk
81%
Can't
80%
'Cause
80%
so
80%
So
80%
vain
79%
'Cause
77%
kissed
77%
last
77%
time
77%
remember
76%
mean
74%
about
73%
leave"
73%
again
72%
"Darling
72%
heart
72%
tickled
71%
yourself
70%
it's
69%
said
69%
spend
69%
street
69%
talking
69%
that
69%
apart
68%
yawn
68%
think
67%
"I'll
66%
marry
66%
perfect
66%
up
66%
woke
66%
followed
65%
monologue
65%
passionate
65%
best
64%
someday
64%
plea
61%
self
61%
drown
60%
morning
60%
car
58%
know
58%
leaving
57%
cry
56%
Did
55%
got
55%
made
55%
make
55%
night?
55%
plain
55%
didn't
54%
at
52%
room
52%
Bet
50%
wept
50%
charming
49%
possessed
48%
first
47%
depressed
46%
you've
42%
No matching quizzes found
Score Distribution
Percent of People with Each Score
Percentile by Number Answered
Your Score History
You have not taken this quiz